Missing Word: A-Z Movies III Quiz Stats

Quiz Updated Sep 26, 2016

Challenge
Share
Tweet
Embed
Score 0/26 Timer 03:00
0 Plays Today
Movie Missing Word A-Z % Correct
_____ and the BeastBeauty
99.5%
The Fast and the _____Furious
98.2%
_____ With the WindGone
97.8%
Saving Private _____Ryan
97.2%
_____ AloneHome
96.8%
Raiders of the Lost _____Ark
95.3%
The Social _____Network
92.5%
The _____ SpeechKing's
90.6%
___ Flew Over the Cuckoo's NestOne
90.3%
Crouching Tiger, Hidden _____Dragon
89.8%
Butch _____ and the Sundance KidCassidy
87.5%
_____ BasterdsInglourious
87.4%
Dead _____ SocietyPoets
87.4%
Movie Missing Word A-Z % Correct
_____ Origins: WolverineX-Men
86.2%
Four _____ and a FuneralWeddings
86.1%
The Green _____Mile
85.7%
_____ MaguireJerry
84.7%
Terms of _____Endearment
84.5%
V for _____Vendetta
83.8%
All _____ on the Western FrontQuiet
83.4%
The Best _____ of Our LivesYears
81.6%
The Bourne _____Ultimatum
79.4%
_____ of ArabiaLawrence
78%
The _____ RedemptionShawshank
75.1%
You Don't Mess With the _____Zohan
68.9%
The _____ of the Sierra MadreTreasure
35.9%

Today's Daily Dose

You're not logged in!

Compare scores with friends on all Sporcle quizzes.
Sign Up with Email
OR
Log In

You Might Also Like...

Show Comments

Extras

Top Quizzes Today


Score Distribution

Your Account Isn't Verified!

In order to create a playlist on Sporcle, you need to verify the email address you used during registration. Go to your Sporcle Settings to finish the process.